| 000 | 01238nam a22003977a 4500 | ||
|---|---|---|---|
| 001 | 000018505 | ||
| 003 | CHAP | ||
| 005 | 20230619120816.0 | ||
| 008 | 971013s1976 r 00010 d | ||
| 010 | _a17465 | ||
| 011 | _a18437 | ||
| 035 | _a22522 | ||
| 040 | _cCHAP | ||
| 082 |
_a641.1 _bB57 |
||
| 100 | 1 | 0 |
_aBirch, Gordon Gerard _eed. _912899 |
| 245 | 0 | _aFood from waste. | |
| 260 |
_aLondon : _bApplied Science, _c1976. |
||
| 300 |
_a301 p. : _b: ilus. ; gráfs. |
||
| 590 |
_aBATCH-UPD _b10 _c20130110 _lUCH01 _h0328 |
||
| 590 |
_aBATCH-UPD _b10 _c20130110 _lUCH01 _h1657 |
||
| 590 |
_aBATCH-UPD _b10 _c20130410 _lUCH01 _h0001 |
||
| 590 |
_aBATCH-UPD _b10 _c20130914 _lUCH01 _h0124 |
||
| 590 |
_aCONVERSION _b10 _c20130109 _lUCH01 _h1311 |
||
| 590 |
_aE11695DGD _b10 _c20150602 _lUCH01 _h0907 |
||
| 650 | 1 | 4 |
_aAlimentos. _94114 |
| 650 | 1 | 4 |
_aAlimentos _xSubproductos. _94283 |
| 650 | 1 | 4 |
_aMadera _xSubproductos. _969627 |
| 650 | 1 | 4 |
_aMicroorganismos. _975519 |
| 650 | 1 | 4 |
_aProductos agrícolas _xSubproductos. _992033 |
| 700 | 0 |
_aParker, K. J. _eed. _985598 |
|
| 700 | 0 |
_aWorgan, J. T. _eed. _9122608 |
|
| 901 | _aBK | ||
| 942 | _cLIBRO | ||
| 942 | _n0 | ||
| 949 |
_a641.1 B57 _bBC _cLIBRO _d33724000272050 _eLIBRO _h16896 _i22522 _si _t905.00 |
||
| 999 |
_c17465 _d17465 |
||